000 00512nam a2200229Ia 4500
003 IT-RoPAU
008 120407s9999 xx 000 0 und d
040 _aIT-RoPAU
040 _cIT-RoPAU
041 _afra
100 _aFernanda Decleva Caizzi
245 _aPhilosphie antique
250 _aParis
260 _aArmand Colin Editeur
260 _c1986
300 _c23,5 cm
490 _aRevue de metaphisique et de morale
490 _v3
700 _aCherlonneix
942 _cBK
999 _c14013
_d14013